000 00495nam a2200181Ia 4500
005 20250508152153.0
008 008 250505s9999 xx 000 0 hin d
037 _aTextual
040 _aFEDL
_beng
_cFEDL
041 _ahin
_2hin
084 _a891.433, CHA
_qFEDL
100 _aChaturvedi Jagpati
_9758035
245 0 _aParmanu ke chamatkar
260 _aAllahabad, India
_bKitab Mahal
_c1952
300 _a178p
942 _cTEXL
_h891.433, CHA
999 _c1334734
_d1334734